Wheater's basic histopathology : (Record no. 115757)

MARC details
000 -LEADER
fixed length control field 00821nam a2200277 a 4500
008 - FIXED-LENGTH DATA ELEMENTS--GENERAL INFORMATION
fixed length control field
020 ## - INTERNATIONAL STANDARD BOOK NUMBER
International Standard Book Number 0443070016 (pbk.)
049 ## - LOCAL HOLDINGS (OCLC)
Holding library MAIN
090 ## - LOCALLY ASSIGNED LC-TYPE CALL NUMBER (OCLC); LOCAL CALL NUMBER (RLIN)
Classification number (OCLC) (R) ; Classification number, CALL (RLIN) (NR) RC33
Local cutter number (OCLC) ; Book number/undivided call number, CALL (RLIN) STE
003 - CONTROL NUMBER IDENTIFIER
control field
005 - DATE AND TIME OF LATEST TRANSACTION
control field 20230120204025.0
040 ## - CATALOGING SOURCE
Transcribing agency NUST
100 1# - MAIN ENTRY--PERSONAL NAME
Personal name Stevens, Alan.
245 10 - TITLE STATEMENT
Title Wheater's basic histopathology :
Remainder of title a colour atlas and text /
Statement of responsibility, etc. Alan Stevens, James S. Lowe and Barbara Young
250 ## - EDITION STATEMENT
Edition statement 4th ed.
260 ## - PUBLICATION, DISTRIBUTION, ETC.
Place of publication, distribution, etc. Edinburgh :
Name of publisher, distributor, etc. Churchill Livingstone,
Date of publication, distribution, etc. 2002.
300 ## - PHYSICAL DESCRIPTION
Extent viii, 295 p. :
Other physical details col.ill. ;
Dimensions 30 cm.
500 ## - GENERAL NOTE
General note Includes index.
650 ## - SUBJECT ADDED ENTRY--TOPICAL TERM
Topical term or geographic name entry element Pathology and diseases.
650 ## - SUBJECT ADDED ENTRY--TOPICAL TERM
Topical term or geographic name entry element Pathology .
650 #1 - SUBJECT ADDED ENTRY--TOPICAL TERM
Topical term or geographic name entry element Histopathology.
700 ## - ADDED ENTRY--PERSONAL NAME
Personal name Lowe , James S.
700 ## - ADDED ENTRY--PERSONAL NAME
Personal name Young, Barbara.
907 ## - LOCAL DATA ELEMENT G, LDG (RLIN)
a .b10251388
b 27-02-12
c 19-09-07
942 ## - ADDED ENTRY ELEMENTS (KOHA)
Koha item type Ordinary Loan Books
Call number prefix RC33
Call number suffix STE
Holdings
Date last seen Total Checkouts Full call number Barcode Cost, replacement price Price effective from Koha item type Lost status Source of classification or shelving scheme Damaged status Not for loan Collection Withdrawn status Home library Current library Shelving location Date acquired Cost, normal purchase price
01/20/2023 4 RC33 STE 92004012566 80.00 01/20/2023 BOOKS   LCC     NFIC   Medical Medical GEN 01/20/2023 80.00